Les Ballons d'or (années en 6) - Statistiques

Statistiques générales
  • Ce quiz a été pris 67 fois
  • Le résultat moyen est 5 sur 7
Statistiques - réponses
Année Nationalité Ballon d'or % Correct
2006 Italie Fabio Cannavaro
97%
2016 Portugal Cristiano Ronaldo
95%
1976 Allemagne Franz Beckenbauer
82%
1966 Angleterre Bobby Charlton
74%
1996 Allemagne Matthias Sammer
73%
1956 Angleterre Stanley Matthews
48%
1986 Union soviétique Igor Belanov
44%
Aucun quiz correspondant
Distribution des résultats
% des personnes avec chaque résultat
Percentile par nombre de réponses
Votre historique - résultats
Vous n’avez pas pris ce quiz